[Event "GRE-chT 40th"]
[Site "Achaia"]
[Date "2012.07.02"]
[Round "4.6"]
[White "Ladopoulos, Dimitrios"]
[Black "Tompros, Andreas Hristos"]
[Result "1-0"]
[WhiteElo "2010"]
[BlackElo "1843"]
[PlyCount "93"]
[EventDate "2012.06.30"]
[EventType "team-swiss"]
[EventRounds "7"]
[EventCountry "GRE"]
[SourceTitle "CBM 149 Extra"]
[Source "ChessBase"]
[SourceDate "2012.08.24"]
[SourceVersion "1"]
[SourceVersionDate "2012.08.24"]
[SourceQuality "1"]
[WhiteTeam "Heraklion CN"]
[BlackTeam "Panionios"]
[WhiteTeamCountry "GRE"]
[BlackTeamCountry "GRE"]

1. e4 c6 2. d4 d5 3. Nc3 dxe4 4. Nxe4 Bf5 5. Ng3 Bg6 6. h4 h6 7. Nf3 Nd7 8. h5 Bh7 9. Bd3 Bxd3 10. Qxd3 e6 11. Bd2 Ngf6 12. 0-0-0 Be7 13. Ne4 Nxe4 14. Qxe4 Nf6 15. Qe2 Qd5 16. c4 Qd6 17. g3 0-0 18. Bf4 Qd8 19. Kb1 Re8 20. g4 Nh7 21. Ne5 Qb6 22. Be3 c5 23. dxc5 Qc7 24. f4 Rad8 25. Qf3 f6 26. Nd3 Rd7 27. Qe4 Qc6 28. Qxc6 bxc6 29. Rhe1 Nf8 30. Kc2 Rb7 31. b4 Kf7 32. a4 a6 33. Rb1 Reb8 34. b5 axb5 35. cxb5 cxb5 36. c6 Rc7 37. axb5 Nd7 38. Kd2 Nb6 39. Rec1 Bd6 40. Nc5 Bxc5 41. Bxc5 e5 42. Bxb6 Rxb6 43. f5 Ke7 44. Kd3 Kd6 45. Kc4 Re7 46. Rd1+ Kc7 47. Ra1 1-0

[Event "GRE-ch U16"]
[Site "Rio Achaia"]
[Date "2012.06.29"]
[Round "7.6"]
[White "Tompros, Andreas Hristos"]
[Black "Tzouganakis, Panteleimon"]
[Result "0-1"]
[WhiteElo "1843"]
[BlackElo "2096"]
[PlyCount "103"]
[EventDate "2012.06.24"]
[EventType "swiss"]
[EventRounds "6"]
[EventCountry "GRE"]
[SourceTitle "EXT 2024"]
[Source "ChessBase"]
[SourceDate "2023.10.10"]
[SourceVersion "1"]
[SourceVersionDate "2023.10.10"]
[SourceQuality "1"]

1. Nf3 Nf6 2. b3 g6 3. Bb2 Bg7 4. c4 0-0 5. d4 d6 6. e3 Nbd7 7. Be2 c6 8. 0-0 Qc7 9. Qc2 e5 10. dxe5 Nxe5 11. Nxe5 dxe5 12. Nd2 Bf5 13. e4 Be6 14. Rfd1 h6 15. c5 Rad8 16. Nf3 Nh5 17. h3 Nf4 18. Bf1 Bc8 19. Rxd8 Rxd8 20. Rd1 Rxd1 21. Qxd1 Ne6 22. b4 Nd4 23. Nxd4 exd4 24. Qd3 Qe5 25. f4 Qxf4 26. Bxd4 Be6 27. Bxg7 Kxg7 28. a3 Qe5 29. Kf2 h5 30. Ke3 Qg3+ 31. Kd2 Qf2+ 32. Qe2 Qf4+ 33. Ke1 Qc1+ 34. Kf2 Qxa3 35. Qd2 Qa1 36. Be2 Qe5 37. Qd3 a5 38. bxa5 Qxc5+ 39. Qe3 Qxa5 40. Qd4+ Kh7 41. Qf6 Qc5+ 42. Kf1 Bc4 43. g4 Bxe2+ 44. Kxe2 Qc4+ 45. Ke3 hxg4 46. hxg4 Qe6 47. Qf4 b5 48. g5 Kg7 49. Qh2 Qb3+ 50. Kd4 Qc4+ 51. Ke3 Qc1+ 52. Kd4 0-1

[Event "GRE-ch U16"]
[Site "Eretria"]
[Date "2011.07.01"]
[Round "9.5"]
[White "Tompros, Andreas Hristos"]
[Black "Megalios, Konstantinos"]
[Result "0-1"]
[WhiteElo "1822"]
[BlackElo "1991"]
[PlyCount "124"]
[EventDate "2011.06.25"]
[EventType "swiss"]
[EventRounds "9"]
[EventCountry "GRE"]
[SourceTitle "EXT 2024"]
[Source "ChessBase"]
[SourceDate "2023.10.10"]
[SourceVersion "1"]
[SourceVersionDate "2023.10.10"]
[SourceQuality "1"]

1. Nf3 Nf6 2. b3 d5 3. Bb2 Bg4 4. e3 Nbd7 5. d4 e6 6. Be2 Bd6 7. 0-0 0-0 8. h3 Bh5 9. c4 c6 10. Nbd2 Qc7 11. Rc1 Rfe8 12. Re1 Rad8 13. Qc2 a6 14. Qb1 Bg6 15. Qa1 Ne4 16. Nxe4 Bxe4 17. Nd2 Bg6 18. Bf3 Nf6 19. e4 Bh2+ 20. Kh1 Bf4 21. Rcd1 Bxd2 22. Rxd2 Bxe4 23. Bxe4 Nxe4 24. Rde2 b5 25. c5 b4 26. Kg1 a5 27. Re3 Ra8 28. a3 bxa3 29. Qxa3 Rab8 30. Ra1 Rb5 31. f3 Ng3 32. Bc3 Qf4 33. Rae1 Nf5 34. Rd3 Reb8 35. Bxa5 Ra8 36. b4 Nxd4 37. Qc3 Nf5 38. Qd2 Qxd2 39. Rxd2 Rb7 40. Kf2 Kf8 41. g4 Ne7 42. f4 Ng8 43. g5 g6 44. h4 h6 45. h5 gxh5 46. Rh1 hxg5 47. fxg5 Kg7 48. Rxh5 Ne7 49. Kf3 Rh8 50. Rxh8 Kxh8 51. Bd8 Rd7 52. Bxe7 Rxe7 53. Kf4 e5+ 54. Kf5 e4 55. Kf6 Rb7 56. Rh2+ Kg8 57. Rb2 e3 58. Re2 d4 59. Ke5 Rxb4 60. Kd6 d3 61. Rxe3 Rd4+ 62. Ke5 Rd5+ 0-1

[Event "GRE-ch U14"]
[Site "Kallithea"]
[Date "2010.06.27"]
[Round "2"]
[White "Tompros, Andreas Hristos"]
[Black "Litsas, Panagiotis"]
[Result "1/2-1/2"]
[WhiteElo "1811"]
[BlackElo "1627"]
[PlyCount "55"]
[EventDate "2010.06.26"]
[EventType "swiss"]
[EventRounds "9"]
[EventCountry "GRE"]
[SourceTitle "EXT 2011"]
[Source "ChessBase"]
[SourceDate "2010.11.26"]
[SourceVersion "1"]
[SourceVersionDate "2010.11.26"]
[SourceQuality "1"]

1. e4 e6 2. d4 d5 3. Nc3 Nf6 4. e5 Nfd7 5. f4 c5 6. Nf3 Nc6 7. Be3 Qb6 8. Na4 Qa5+ 9. c3 cxd4 10. b4 Nxb4 11. cxb4 Bxb4+ 12. Bd2 Bxd2+ 13. Nxd2 b6 14. Be2 Ba6 15. Bxa6 Qxa6 16. Nb2 Nc5 17. Nb3 Qa3 18. Nxc5 bxc5 19. Qa4+ Qxa4 20. Nxa4 c4 21. Ke2 Kd7 22. Rhd1 d3+ 23. Ke3 Rab8 24. Rab1 Rhc8 25. Nc3 Kc6 26. Kd4 a6 27. g4 g6 28. g5 1/2-1/2

[Event "Thessaloniki op"]
[Site "Thessaloniki"]
[Date "2010.04.06"]
[Round "2"]
[White "Arduman, Can"]
[Black "Tompros, Andreas Hristos"]
[Result "1-0"]
[WhiteElo "2331"]
[BlackElo "1821"]
[PlyCount "103"]
[EventDate "2010.04.04"]
[EventType "swiss"]
[EventRounds "9"]
[EventCountry "GRE"]
[SourceTitle "CBM 135 Extra"]
[Source "ChessBase"]
[SourceDate "2010.05.04"]
[SourceVersion "1"]
[SourceVersionDate "2010.05.04"]
[SourceQuality "1"]

1. Nf3 d5 2. c4 dxc4 3. Na3 Nf6 4. Nxc4 e6 5. b3 c5 6. Bb2 Nc6 7. e3 Be7 8. Be2 0-0 9. 0-0 b6 10. a3 Bb7 11. Qc2 h6 12. Rad1 Rc8 13. Qb1 Qc7 14. Qa1 Rfd8 15. d3 Qb8 16. e4 Ne8 17. Nce5 Nxe5 18. Nxe5 Bf6 19. f4 Rc7 20. Rf3 Qa8 21. Rg3 Kf8 22. Rf1 Re7 23. f5 exf5 24. Rxf5 Bxe4 25. Rxf6 Nxf6 26. dxe4 Qxe4 27. Bd3 Qd5 28. Rf3 Rd6 29. Bc4 Qd1+ 30. Rf1 Qxa1 31. Bxa1 Rd2 32. Nf3 Rd6 33. Be5 Rd8 34. Bxf6 gxf6 35. Nh4 Rd2 36. h3 Re4 37. Nf5 h5 38. h4 Re5 39. Kh2 Ra2 40. a4 Rd2 41. Rf3 Rd7 42. Ng3 Kg7 43. Bd3 Kf8 44. Kh3 Rd4 45. Bc4 Rd6 46. Kh2 Re2 47. Nxh5 Rd4 48. Kg3 Ree4 49. Nf4 Kg8 50. Bb5 Rd6 51. Nh5 Kf8 52. Nxf6 1-0

[Event "Porto Carras op 4th"]
[Site "Porto Carras"]
[Date "2009.07.19"]
[Round "2"]
[White "Karlovich, Anastazia"]
[Black "Tompros, Andreas Hristos"]
[Result "1-0"]
[WhiteElo "2211"]
[BlackElo "1812"]
[PlyCount "47"]
[EventDate "2009.07.18"]
[EventType "swiss"]
[EventRounds "9"]
[EventCountry "GRE"]
[SourceTitle "CBM 131 Extra"]
[Source "ChessBase"]
[SourceDate "2009.09.03"]
[SourceVersion "2"]
[SourceVersionDate "2009.09.16"]
[SourceQuality "1"]

1. e4 e6 2. d4 d5 3. Nc3 Nf6 4. Bg5 dxe4 5. Nxe4 Nbd7 6. Bd3 Be7 7. Bxf6 Bxf6 8. Nf3 0-0 9. Qe2 c5 10. 0-0-0 cxd4 11. h4 b5 12. Neg5 g6 13. Qe4 Rb8 14. Nxh7 Kxh7 15. h5 Nc5 16. hxg6+ Kg8 17. Qg4 Nxd3+ 18. Rxd3 Rb7 19. Nxd4 Qd5 20. Rh5 Qxa2 21. g7 Bxg7 22. Rdh3 f6 23. Qg6 Qa1+ 24. Kd2 1-0

[Event "GRE-chT 37th"]
[Site "Kallithea"]
[Date "2009.07.06"]
[Round "6"]
[White "Kirgeridis, Panagiotis"]
[Black "Tompros, Andreas Hristos"]
[Result "1-0"]
[WhiteElo "2039"]
[BlackElo "1812"]
[PlyCount "51"]
[EventDate "2009.07.03"]
[EventType "tourn"]
[EventRounds "9"]
[EventCountry "GRE"]
[SourceTitle "CBM 131 Extra"]
[Source "ChessBase"]
[SourceDate "2009.09.03"]
[SourceVersion "2"]
[SourceVersionDate "2009.09.16"]
[SourceQuality "1"]

1. d4 d5 2. c4 dxc4 3. e3 e6 4. Bxc4 Nf6 5. Nf3 c5 6. Nc3 a6 7. Bb3 Nc6 8. 0-0 Be7 9. Bc2 cxd4 10. exd4 0-0 11. a3 Re8 12. Qd3 Bf8 13. Bg5 g6 14. Rad1 Bg7 15. Ne4 h6 16. Bh4 g5 17. Nxf6+ Qxf6 18. Qh7+ Kf8 19. Bg3 Rd8 20. Rfe1 Ra7 21. Ne5 Rxd4 22. Rxd4 Nxd4 23. Ng4 Qe7 24. Nxh6 Ke8 25. Ba4+ b5 26. Qxg7 1-0

[Event "GRE-ch U14"]
[Site "Kallithea"]
[Date "2009.07.01"]
[Round "9"]
[White "Tompros, Andreas Hristos"]
[Black "Sourgkounis, Angelos"]
[Result "1/2-1/2"]
[WhiteElo "1794"]
[BlackElo "1926"]
[PlyCount "126"]
[EventDate "2009.06.25"]
[EventType "swiss"]
[EventRounds "9"]
[EventCountry "GRE"]
[SourceTitle "EXT 2011"]
[Source "ChessBase"]
[SourceDate "2010.11.26"]
[SourceVersion "1"]
[SourceVersionDate "2010.11.26"]
[SourceQuality "1"]

1. e4 Nf6 2. e5 Nd5 3. c3 d6 4. exd6 cxd6 5. d4 g6 6. Nf3 Bg7 7. h3 Nc6 8. Bc4 Nb6 9. Bb3 0-0 10. 0-0 Qc7 11. Be3 Na5 12. Qc1 Nxb3 13. axb3 e5 14. dxe5 dxe5 15. Bh6 Re8 16. Bxg7 Kxg7 17. c4 Qc6 18. Qe3 f6 19. Nc3 Be6 20. Rfd1 a6 21. Rd2 Rad8 22. Rad1 Rxd2 23. Qxd2 Re7 24. Qe3 Rd7 25. Rxd7+ Nxd7 26. Ne4 b6 27. Nfd2 a5 28. Qd3 Nc5 29. Nxc5 Qxc5 30. Qd8 Bf5 31. g4 Bc2 32. Qd7+ Kg8 33. Qd8+ Kf7 34. Qd7+ Qe7 35. Qd5+ Qe6 36. Qb7+ Kg8 37. Qb8+ Kg7 38. Qc7+ Kh6 39. Qd8 e4 40. Qf8+ Kg5 41. Nf1 h5 42. Qd8 Bd3 43. Qd4 f5 44. gxh5 f4 45. h6 Kxh6 46. Qh8+ Kg5 47. Qd8+ Qf6 48. Qd7 Kh6 49. Nh2 Be2 50. Qe8 Bf3 51. Qb8 Kh5 52. Nxf3 exf3 53. Kh2 Qd4 54. Kg1 Qd1+ 55. Kh2 Qd4 56. Kg1 Qf6 57. Kh2 Qxb2 58. Qxb6 a4 59. Qc5+ g5 60. bxa4 Qa1 61. Qc7 Kg6 62. Qc6+ Kh5 63. Qc7 Kg6 1/2-1/2

[Event "Sofia CSKA-Thessaloniki U14"]
[Site "Sofia"]
[Date "2009.04.24"]
[Round "6"]
[White "Nikolov, Rumen"]
[Black "Tompros, Andreas Hristos"]
[Result "1-0"]
[WhiteElo "1816"]
[BlackElo "1794"]
[PlyCount "47"]
[EventDate "2009.04.21"]
[EventType "schev"]
[EventRounds "7"]
[EventCountry "BUL"]
[SourceTitle "EXT 2012"]
[Source "ChessBase"]
[SourceDate "2011.11.24"]
[SourceVersion "1"]
[SourceVersionDate "2011.11.24"]
[SourceQuality "1"]

1. e4 e6 2. d4 d5 3. exd5 exd5 4. c4 dxc4 5. Bxc4 Nf6 6. Nc3 Be7 7. h3 0-0 8. Nf3 Nbd7 9. 0-0 Nb6 10. Bb3 Re8 11. Re1 Bf8 12. Bg5 Rxe1+ 13. Qxe1 h6 14. Bh4 g5 15. Bg3 Bd6 16. Ne5 Bxe5 17. Qxe5 c6 18. Re1 Bd7 19. h4 g4 20. Bf4 Qe8 21. Qxf6 Qxe1+ 22. Kh2 Nd5 23. Nxd5 Qxf2 24. Ne7+ 1-0

[Event "GRE-chT U16"]
[Site "Chalkida"]
[Date "2008.10.13"]
[Round "5.1"]
[White "Tompros, Andreas Hristos"]
[Black "Pavlidis, Antonios"]
[Result "0-1"]
[WhiteElo "1807"]
[BlackElo "2260"]
[PlyCount "116"]
[EventDate "2008.10.11"]
[EventType "team-swiss"]
[EventRounds "5"]
[EventCountry "GRE"]
[SourceTitle "EXT 2011"]
[Source "ChessBase"]
[SourceDate "2010.11.26"]
[SourceVersion "1"]
[SourceVersionDate "2010.11.26"]
[SourceQuality "1"]

1. e4 c5 2. c3 Nf6 3. e5 Nd5 4. Nf3 e6 5. Bc4 Nb6 6. Bb3 c4 7. Bc2 Nc6 8. Qe2 d6 9. exd6 Bxd6 10. d4 cxd3 11. Qxd3 Qc7 12. Nbd2 Bd7 13. Ne4 Be7 14. Be3 Nd5 15. 0-0 Nxe3 16. Qxe3 Ne5 17. Nxe5 Qxe5 18. Qg3 Qxg3 19. Nxg3 Bc6 20. Rfd1 Rd8 21. Be4 Bxe4 22. Nxe4 f5 23. Ng3 g6 24. Rxd8+ Kxd8 25. Re1 Kd7 26. Rd1+ Bd6 27. Nf1 Ke7 28. Ne3 Rc8 29. g3 Bc5 30. Kf1 e5 31. Nc4 Ke6 32. Re1 e4 33. f3 Rf8 34. Kg2 Kd5 35. Ne3+ Kc6 36. fxe4 fxe4 37. Ng4 Kd5 38. Rd1+ Ke6 39. Re1 h5 40. Ne3 Rf3 41. Nd1 Ke5 42. Re2 g5 43. Nf2 Bxf2 44. Rxf2 g4 45. Rf1 b5 46. Re1 e3 47. Rd1 Rf2+ 48. Kg1 Rxb2 49. Rd3 Ke4 50. Rd4+ Kf3 51. Rf4+ Ke2 52. Rf5 a6 53. Rf1 Rd2 54. Rf6 Rxa2 55. Rf1 Rd2 56. Rf6 a5 57. Rf5 a4 58. Rxb5 a3 0-1

[Event "GRE-ch U12"]
[Site "Kallithea"]
[Date "2008.07.01"]
[Round "5"]
[White "Tsaknis, Vasilios"]
[Black "Tompros, Andreas Hristos"]
[Result "0-1"]
[WhiteElo "1512"]
[BlackElo "1704"]
[PlyCount "56"]
[EventDate "2008.06.28"]
[EventType "swiss"]
[EventRounds "9"]
[EventCountry "GRE"]
[SourceTitle "EXT 2010"]
[Source "ChessBase"]
[SourceDate "2010.11.25"]
[SourceVersion "1"]
[SourceVersionDate "2010.11.25"]
[SourceQuality "1"]

1. e4 e6 2. d4 d5 3. e5 c5 4. c3 Nc6 5. Be3 cxd4 6. cxd4 Qb6 7. Qd2 Bd7 8. Nc3 Rc8 9. Nf3 Nge7 10. Bd3 Nb4 11. Be2 Nf5 12. 0-0 Nxe3 13. fxe3 Be7 14. a3 Nc6 15. Bd3 h6 16. Rf2 Na5 17. Raf1 Nc4 18. Qe2 Nxa3 19. Nxd5 exd5 20. bxa3 Rf8 21. Nd2 Bxa3 22. Rxf7 Rxf7 23. Qh5 Be6 24. Bg6 Rcc7 25. Qh4 Bc1 26. Nc4 Rxc4 27. Qh5 Bxe3+ 28. Kh1 Rcc7 0-1